Tourist Attraction By Every US State - Statistics

General Stats
  • This quiz has been taken 39 times
  • The average score is 38 of 50
Answer Stats
Attraction State % Correct
Times Square New York
100%
Golden Gate Bridge California
97%
Pearl Harbor & USS Arizona Memorial Hawaii
97%
Kentucky Derby Kentucky
97%
The Grand Canyon Arizona
95%
Disney World Florida
95%
Indianapolis Motor Speedway Indiana
95%
Las Vegas Strip Nevada
95%
Atlantic City Boardwalk New Jersey
95%
Charleston History Tour South Carolina
95%
Georgia Aquarium Georgia
92%
Annapolis/US Naval Academy Maryland
92%
Mall Of America Minnesota
92%
Mount Rushmore South Dakota
92%
Best Of Austin Tours Texas
92%
Gateway Arch Missouri
89%
Dakota Thunder North Dakota
89%
Bourbon Street Louisiana
87%
Graceland Tennessee
87%
Rocky Mountain National Park Colorado
84%
Henry Ford Museum Michigan
84%
Kenai Fjords National Park Alaska
82%
Zion National Park Utah
79%
Ben & Jerry's Factory Vermont
79%
Colonial Williamsburg Virginia
79%
Acadia National Park Maine
76%
Rock And Roll Hall Of Fame Ohio
76%
Glacier National Park Montana
74%
Hot Springs National Park Arkansas
71%
Newport Mansions Rhode Island
71%
U.S. Space & Rocket Center Alabama
68%
Yale Peabody Museum Of Natural History Connecticut
68%
Millennium Park Illinois
68%
Hot Air Balloon Rides New Mexico
68%
Vicksburg National Military Park Mississippi
66%
Mount Washington New Hampshire
66%
Grand Teton National Park Wyoming
66%
Rehoboth Beach Delaware
63%
"Field Of Dreams" Filming Location Iowa
63%
Independence National Historical Park Pennsylvania
63%
Pike Place Market Washington
63%
Craters Of The Moon National Monument Idaho
61%
Multnomah Falls Oregon
58%
Chimney Rock Nebraska
55%
Biltmore Estate North Carolina
55%
National Cowboy & Western Heritage Museum Oklahoma
55%
Faneuil Hall Marketplace Massachusetts
53%
Bridge Day West Virginia
47%
Harley-Davidson Museum Wisconsin
42%
Monroe Elementary School Kansas
37%
No matching quizzes found
Score Distribution
Percent of People with Each Score
Percentile by Number Answered
Your Score History
You have not taken this quiz